Statistics for WWE Tag Team Partner Match

Click here to take the quiz!

General Stats

  • This quiz has been taken 1,507 times
    (1,493 since last reset)
  • The average score is 9 of 15

Answer Stats

Member #1Member #2% Correct
Jeff HardyMatt Hardy
96%
Seth RollinsDean Ambrose and Roman Reigns
95%
EdgeChristian
89%
Jimmy UsoJey Uso
89%
Shawn MichaelsTriple H
84%
Daniel Bryan (2012-2013)Kane
77%
Luke HarperErick Rowan
76%
D-Von DudleyBubba Ray Dudley
72%
Cody Rhodes (October 2014)Goldust
64%
Kofi Kingston (2012-2013)R-Truth
56%
The Miz (October 2014)Damien Sandow
45%
DiegoFernando
32%
RybackCurtis Axel
23%
Heath Slater (October 2014)Titus O'Neil
14%
Summer Rae (October 2014)Layla
13%

Score Distribution

Percentile by Number Answered

Percent of People with Each Score

Your Score History

You have not taken this quiz since the last reset